[Event "USA-ch"]
[Site "Saint Louis"]
[Date "2016.04.18"]
[Round "5"]
[White "So, Wesley"]
[Black "Akobian, Varuzhan"]
[Result "1-0"]
[WhiteElo "2773"]
[BlackElo "2615"]
[Annotator "Roiz,M"]
[PlyCount "47"]
[EventDate "2016.04.14"]
[EventType "tourn"]
[EventRounds "11"]
[EventCountry "USA"]
[EventCategory "17"]
[SourceTitle "CBM 172"]
[Source "ChessBase"]
[SourceDate "2016.05.12"]
[SourceVersion "1"]
[SourceVersionDate "2016.05.12"]
[SourceQuality "1"]

1. e4 e6 2. d4 d5 3. Nc3 dxe4 4. Nxe4 Nd7 {A solid, but somewhat passive
system.} 5. Nf3 Ngf6 6. Nxf6+ Nxf6 7. c3 c5 8. Be3 cxd4 $6 {GM Akobian is
deviating from the main theoretical lines. Alas, this exchange turns out to be
a serious concession.} (8... Qc7 {is much more popular.}) 9. Bxd4 {The bishop
is perfectly located now, so White gets excellent attacking prospects.} Be7 ({
Another natural continuation -} 9... Qc7 10. Bb5+ Bd7 11. Bxd7+ (11. Qe2 $5 Be7
12. Bd3 {also looks quite promising for White.}) 11... Qxd7 12. Ne5 Qb5 13. a4
Qd5 14. Qe2 Qe4 15. a5 $14 {Anand,V (2801)-Pelletier,Y (2609) Kemer 2007, led
to a somewhat inferior position. However, it still looks like a safer way of
handling the position!}) 10. Bd3 O-O {Black cannot really benefit from keeping
the king in the centre for a while.} ({After} 10... Qc7 11. O-O O-O 12. Be5 Qb6
13. Qc2 h6 14. a4 a5 15. Rad1 $36 {Salgado Lopez,I (2624)-Cheparinov,I (2672)
Camarinas 2013, Black was suffering from a lack of development.}) 11. Qc2 $1 {
Attacking the Ph7 makes White's development advantage more significant.} h6 12.
O-O-O {The most ambitious choice - Black's k-side pawn structure is somewhat
exposed, so White has a clear plan of advancing the pawns on this side of the
board.} Qa5 {The most natural move - the pressure along the d-file is very
annoying.} ({Removing the knight from the k-side seems dubious:} 12... Nd5 13.
Kb1 Bf6 14. Ne5 Bxe5 15. Bxe5 Qa5 16. Qe2 $16 {Ehlvest,J (2605)-Muzychuk,M 
(2471) Caleta 2013, and White was clearly better.}) ({The more modest} 12...
Qc7 13. Kb1 Bd7 14. Rhg1 $40 {also offers White a direct attack.}) 13. Kb1 {
Wasting a tempo for this prophylactic move wasn't necessary.} ({Indeed, after} 
13. g4 $5 Qxa2 14. Qe2 Rd8 15. Rhg1 $40 {the extra pawn doesn't really change
anything - the Kg8 is under strong pressure!}) 13... Rd8 $6 {Alas, Varuzhan
fails to take advantage of somewhat slow play by his pponent.} ({More in the
spirit of position was} 13... b5 {, and then after} 14. Ne5 (14. h4 Bb7 15.
Bxf6 Bxf6 16. Bh7+ Kh8 17. Be4 Bxe4 18. Qxe4 Rad8 19. g4 Rxd1+ 20. Rxd1 Rd8 $11
) 14... Bb7 15. Rhg1 Rad8 16. g4 Rxd4 $1 17. cxd4 Nd5 $14 {Black would obtain
definite compensation for an exchange.}) 14. Ne5 Bd7 15. Qe2 $146 {White's
setup is most harmonious now.} ({The previously played} 15. g4 {also looks
very dangrous for Black. For isntance, after} Bb5 16. Bxb5 Qxb5 {1-0 (47)
Karpatchev,A (2460)-Muller,A (2179) St Chely d'Aubrac 2008. White had missed:}
17. g5 $1 hxg5 18. h4 g4 19. h5 {with a decisive attack.}) 15... Bc6 16. Rhe1 {
All the pieces are in play now. Black has to deal with various tactical ideas.}
Bd5 {Desperately trying to develop any counterplay on the q-side.} ({The
exchange sac would be premature:} 16... Rxd4 $2 17. cxd4 Bxg2 18. f3 Bh3 19. f4
Qd5 20. Qe3 Bf5 21. Bxf5 exf5 22. Qh3 $18) 17. c4 Bxg2 {Of course, GM Akobian
wasn't happy with opening-up of the g-file, but there was no choice!} 18. Bc3
Qb6 ({Possibly, a better practical chance would be} 18... Bb4 19. Bxb4 Qxb4 20.
Rg1 Bc6 21. Qe3 {, though here Black is forced to give up material:} Rxd3 (
21... Kf8 $2 22. Qg3 Ne8 23. Qf4 Nf6 24. Rxg7 Kxg7 25. Rg1+ $18) 22. Nxd3 Qxc4
23. Qxh6 Ne8 $16) 19. Rg1 Bc6 $2 {A decisive mistake - Black couldn't afford
to lose one more tempo in this position!} ({It was necessary to release the
tension by means of:} 19... Bh3 20. Qd2 Rxd3 21. Nxd3 Kf8 22. Ka1 Bf5 $16) ({Or
} 19... Rxd3 20. Nxd3 Qc6 21. Ne5 Qe4+ 22. Qc2 Rd8 $16) 20. Nxf7 $1 {Now the
attack is unstoppable.} Kxf7 ({The most stubborn try was} 20... Rxd3 21. Nxh6+
Kf8 22. Rxd3 Be4 (22... gxh6 23. Rdg3 $18 {is completly hopeless.}) 23. Ng4 Rd8
24. Ne5 $18 {, though converting the extra pawn into the full point doesn't
seem a difficult task here.}) 21. Rxg7+ $1 Kxg7 22. Qxe6 $18 Qxf2 ({Or} 22...
Re8 23. Qf5 Kf8 24. Bd2 Qc5 25. Qg6 $18) 23. Qxe7+ Kg8 24. Bh7+ {The final
touch. This game can be called ''an opening disaster''!} ({There was also
nothing wrong with prosaic} 24. Bxf6 $18) 1-0

[Event "EU-Cup 20th"]
[Site "Izmir"]
[Date "2004.10.08"]
[Round "6.4"]
[White "Rodriguez Guerrero, Enrique"]
[Black "Roiz, Michael"]
[Result "0-1"]
[WhiteElo "2433"]
[BlackElo "2560"]
[Annotator "Roiz,M"]
[PlyCount "54"]
[EventDate "2004.10.03"]
[EventType "team-swiss"]
[EventRounds "7"]
[EventCountry "TUR"]
[SourceTitle "CBM 104"]
[Source "ChessBase"]
[SourceDate "2005.01.27"]
[SourceVersion "1"]
[SourceVersionDate "2005.01.27"]
[SourceQuality "1"]
[WhiteTeam "Tiendas"]
[BlackTeam "Beer Sheva"]
[WhiteTeamCountry "ESP"]
[BlackTeamCountry "ISR"]

1. e4 e6 2. d4 d5 3. Nc3 dxe4 4. Nxe4 Nd7 5. Nf3 Ngf6 6. Nxf6+ Nxf6 7. c3 ({
The main alternatives are:} 7. Bd3) (7. Bc4) ({and} 7. Bg5) 7... c5 ({A solid
alternative is:} 7... Be7 8. Bd3 O-O (8... a6 9. Qe2 b6 10. Bf4 Bb7 11. O-O-O
O-O 12. Kb1 b5 13. h4 Re8 14. Rh3 Bxf3 15. Qxf3 Nd5 16. Be5 Bd6 17. Re1 $14 {
1-0 Cheparinov,I-Spasov,V/Plovdiv 2003/CBM 97 ext (23)}) 9. Qe2 (9. Bg5 b6 10.
Qe2 Bb7 11. O-O-O Qd5 12. Kb1 c5 13. Bc2 Rfd8 14. h4 h6 15. c4 Qd6 16. Be3 cxd4
17. Rxd4 Qc7 18. Rhd1 e5 19. Rxd8+ Rxd8 20. Rxd8+ Bxd8 21. Bc1 e4 22. Nd2 e3
23. fxe3 Qg3 $44 {0-1 Shirov,A-Bareev,E/Monte Carlo MNC 2004/The Week in Chess
490 (65)}) 9... c5 10. dxc5 Bxc5 11. Bg5 Be7 12. h4 Qa5 13. a3 Rd8 14. Ne5 Bd7
15. Ng4 Bc6 16. Bxf6 Bxf6 17. Nxf6+ gxf6 18. O-O-O $14 {1-0 Kovalevskaya,
E-Alexandrova,O/Elista RUS 2004/The Week in Chess 499 (64)}) 8. Ne5 {That
agressive move has become very popular since Kasparov-Ponomariov/Linares 2002.
White is not hurrying with Bc1-e3,leaving the opportunity of putting the
bishop on g5.} a6 (8... Qc7 {-->1-0 Topalov,V-Milov,V/Prague 2002/CBM 89/
[Finkel,A] (62)}) (8... Nd7 $2 9. Bb5 Bd6 10. Qg4 $1 $36 {
-->Kasparov-Ponomariov, Linares 2002}) 9. Qa4+ ({More ambitious is:} 9. Bg5 $5
Qd5 (9... Be7 10. dxc5 Qxd1+ 11. Rxd1 Bxc5 12. Be2 h6 13. Bh4 g5 14. Bg3 Ne4
15. Bf3 Nxg3 16. hxg3 $16 {1-0 Adams,M-Akopian,V/Moscow RUS 2004 (25)}) 10.
Bxf6 gxf6 11. Nc4 cxd4 12. Nb6 Qe4+ 13. Be2 Rb8 14. O-O dxc3 15. bxc3 $44 {
1-0 Vescovi,G-Karpov,A/Sao Paulo BRA 2004/The Week in Chess 511 (22)}) (9. Be3
Qc7 {-->8.Be3 Qc7 9.Ne5 a6.} 10. Qa4+ Nd7 11. O-O-O cxd4 (11... Bd6 12. Bb5 (
12. Nc4 Bf4 13. g3 Bxe3+ 14. Nxe3 $14 O-O 15. d5 b5 $6 16. d6 $1 $14 {Dvoirys,
S-Zakharevich,I/Novgorod 1997/CBM 60}) 12... axb5 13. Qxa8 cxd4 14. Nxd7 dxe3
15. Rxd6 Qxd6 16. Qxc8+ Ke7 17. Qxb7 Qd2+ 18. Kb1 Qd3+ 19. Ka1 Qxd7 20. Qxd7+
Kxd7 21. Rd1+ $16 {Yakovich,Y-Yagupov,I/St Petersburg 1998/EXT 99}) 12. Nxd7
Qxd7 13. Qc2 Bc5 14. Bxd4 Bxd4 15. Rxd4 Qc6 (15... Qc7 16. Bd3 Bd7 17. g3 h6
18. Rd1 O-O-O 19. Rc4 Bc6 20. Be4 $14 {1-0 Adams,M-Anand,V/Linares 2002/CBM 88/
[Finkel,A] (44)}) 16. f4 b5 17. Bd3 Bb7 18. Be4 Qc7 19. Kb1 Rd8 20. Rxd8+ Kxd8
21. Bxb7 Qxb7 22. Rd1+ Ke7 23. Qd3 Qc6 24. Qg3 h6 25. Re1 g6 26. Qf2 {1/2-1/2
Dominguez,L-Dreev,A/Tripoli LBA 2004/The Week in Chess 503 (26)}) 9... Bd7 ({
Dangerously looks:} 9... Nd7 {,as white gets a serious development advantage:}
10. dxc5 Bxc5 11. Bf4 O-O 12. O-O-O Nb6 13. Qa5 (13. Qe4 $5 Nd5 14. Bc4) 13...
Nd7 14. Qxd8 Rxd8 15. Bg5 f6 16. Bh4 $14 {1/2-1/2 Cheparinov,I-Perez,R/Coria
del Rio ESP 2004/The Week in Chess 485 (27)}) 10. Nxd7 Qxd7 11. Qxd7+ Kxd7 12.
dxc5 ({Nothing promises:} 12. Be3 Nd5 13. O-O-O Nxe3 14. fxe3 Kc7 15. Bc4 Be7
16. Rhf1 Rhf8 $11) 12... Bxc5 13. Be2 Rad8 {'N!?' It's not easy to decide
which placement of the rooks is the most optimal in this position, but I kept
my mind on plan of advancing my ''e'' pawn-that's why I choosed the text move.}
({Another opportunity is:} 13... Rhd8 14. a4 (14. Bf3 $5 Kc7 15. Bf4+ Bd6 16.
Be3 $14) 14... a5 15. Bf4 Ke7 16. Bf3 Rd7 17. O-O Rad8 18. Rfe1 h6 19. h4 Nd5
20. Bg3 Bd6 21. Bxd6+ {1/2-1/2 Kasimdzhanov,R-Dorfman,J/Germany 2002/EXT 2003 
(21)}) 14. Bf3 Kc8 (14... Kc7 15. Bf4+ Bd6 16. Be3 $14) 15. Ke2 ({More
accurate was:} 15. O-O Rd7 16. Bf4 Rhd8 17. Rfe1 $11 {[%csl Gd7,Gd8][%cal
Gd8d1] although black is controlling the only open file,so he shouldn't face
any problems.}) (15. g3 Rhe8 16. Bg2 h6 $11) 15... e5 16. g3 {'?!' White is
playing too passively!} ({Better was to exchenge the passive Bc1:} 16. Be3 $142
Bxe3 17. Kxe3 Nd5+ $11 (17... e4 $5 18. Be2 Nd5+ 19. Kxe4 Rhe8+ 20. Kf3 Nf4 21.
Rhe1 Nxe2 22. Rxe2 Rd3+ 23. Re3 Rexe3+ 24. fxe3 Rd2 25. Rb1 f5 $11)) 16... e4
17. Bg2 Ng4 {'!' It's important to play very energetically in order to prevent
white from consolidating.} 18. Bh3 (18. h3 $2 Nxf2 19. Rf1 e3 20. Bxe3 Rhe8 $17
) 18... h5 19. Bf4 f5 ({Comes to consideration also:} 19... Rd3 $5 20. Rad1 f5
$1 (20... Rhd8 $143 21. Bxg4+ hxg4 22. Be3 Bxe3 23. Rxd3 Rxd3 24. fxe3 $11) 21.
Bxg4 hxg4 $15 {[%csl Rh2]}) 20. Raf1 {That move is not a serious mistake yet,
but it's connected with a completely wrong idea!} (20. Rad1 g6 21. Rxd8+ Kxd8
$15) (20. f3 exf3+ 21. Kxf3 Rhe8 22. Rae1 g6 $15) 20... Rd7 21. Bg2 {'?' White
is trying to neutalize black's pressure on Pf2 by pushing the knight from g4,
but that's plan is very slowly!} ({It was necessary to swap at least one pair
of the rooks:} 21. Rd1 $142 g6 22. Rxd7 Kxd7 $15 {and black has only a slight
advantage.}) 21... Rhd8 {Now all black's pieces are placed ideally and
prepared for a decisive attack.} 22. h3 {'?' Missing black's answer.} (22. Bh3
e3 $1 23. Bxe3 Bxe3 24. Bxg4 fxg4 25. fxe3 (25. Kxe3 Re7+ 26. Kf4 Rd5 27. h4 g6
$19 {[%cal Gd5f5]}) 25... Rd2+ 26. Ke1 Rxb2 $19) ({The only way to continue
the fight was:} 22. Bg5 $142 Be7 23. Bc1 Ne5 $17 {but white's position is
still very passive and hard.}) 22... e3 {'-+' That's the point! White is
unable to avoid a decisive penetration of black's rook. That is quite a rare
example of such a strong attack in the endgame!} 23. fxe3 {That leads to a
forced mate!} ({Hopeless is also:} 23. Bxb7+ Rxb7 24. hxg4 Rxb2+ 25. Kf3 hxg4+
26. Kg2 Rdd2 $19) ({or} 23. Bxe3 Nxe3 24. fxe3 Rd2+ 25. Kf3 g5 $19) 23... Rd2+
24. Kf3 R8d3 25. b4 Bxe3 (25... Nxe3 26. bxc5 Nxg2+ 27. Be3 Rxe3#) 26. Bxe3 g5
{The final ''quiet move''. White cannot avoid a mate on the next move.} 27.
hxg4 hxg4# 0-1

[Event "WchT 6th"]
[Site "Beersheba"]
[Date "2005.11.01"]
[Round "1.4"]
[White "Roiz, Michael"]
[Black "Vaganian, Rafael A"]
[Result "1-0"]
[WhiteElo "2600"]
[BlackElo "2614"]
[Annotator "Roiz,M"]
[PlyCount "51"]
[EventDate "2005.11.01"]
[EventType "team-tourn"]
[EventRounds "9"]
[EventCountry "ISR"]
[SourceTitle "CBM 110"]
[Source "ChessBase"]
[SourceDate "2006.01.31"]
[SourceVersion "1"]
[SourceVersionDate "2006.01.31"]
[SourceQuality "1"]
[WhiteTeam "Israel"]
[BlackTeam "Armenia"]
[WhiteTeamCountry "ISR"]
[BlackTeamCountry "ARM"]

{[%mdl 32896]} 1. e4 e6 2. d4 d5 3. Nd2 dxe4 {I have also expected 3...c5 4.
exd5 exd5, since Rafael is a great expert of this variation.} 4. Nxe4 Nd7 5.
Nf3 Ngf6 6. Nxf6+ Nxf6 7. c3 {This move gains a lot of popularity nowadays.} c5
(7... Be7 {is also playable.}) 8. Be3 Qc7 9. Ne5 a6 10. Qa4+ Bd7 {I don't like
this move. In my opinion, white gets a risk-free advantage due to the pair of
bishops.} (10... Nd7 {--> is a more principal continuation.}) 11. Nxd7 Nxd7 12.
Be2 {That is Anand's idea - white prefers a king-side castle.} ({Another way
to fight for the advantage is:} 12. O-O-O O-O-O 13. Be2 Nb6 14. Qb3 Nd5 15. Kb1
Be7 16. Bf3 Rd7 17. Bc1 $14 {0-1 Kobalija,M-Milov,V/Ajaccio FRA 2004/The Week
in Chess 521 (49)}) ({deserves attention also} 12. g3 $5 {which was played by
Alexander Grischuk in this round!}) 12... O-O-O 13. O-O Nb6 14. Qb3 $146 {
I wanted to keep the queens on board.} ({The mentioned game saw} 14. Qa5 {
1/2-1/2 Anand,V-Savchenko,S/Germany 2005/CBM 107/[Finkel,A] (46) but after 14..
.Nd5 15.Qxc7+ Kxc7 black has an acceptable endgame.}) 14... c4 $2 {A very
risky move, since now white has a clear plan of breakthrough by b2-b3.} ({
Much better would be:} 14... Nd5 $142 $5 15. Rad1 Nxe3 16. fxe3 Bd6 17. h3 Rhe8
{and black is close to equality.}) 15. Qc2 {[%cal Gb2b3]} Bd6 16. Kh1 $1 {
There is no necessity for weakening moves!} (16. g3 $6 h5 $132) (16. h3 $5 Nd5
17. Bd2 {[%cal Gb2b3]}) 16... h5 ({Hardly better would be also:} 16... Nd5 17.
Bd2 Bf4 18. b3 Bxd2 19. Qxd2 cxb3 20. axb3 $16 {with a great advantage of
white.}) ({or} 16... Kb8 17. b3 Rc8 18. Rab1 $40) 17. b3 $1 Bxh2 $2 {This
optimistic tackle gives white a decisive attack for free!} ({Actually, black
is already in a serious troubles, but he could provide much more resistance by:
} 17... cxb3 18. Qxb3 (18. axb3 $5 Bxh2 19. b4 (19. g3 h4 20. Bf4 Qc6+ 21. Kxh2
hxg3+ 22. Kxg3 f6 $13) 19... Bd6 (19... Bf4 20. b5 $40) 20. b5 $40) 18... Nd5 (
18... Bxh2 19. c4 $40) 19. c4 Nxe3 20. fxe3 Bxh2 21. c5 $40) 18. bxc4 {[%csl
Rb6,Gc4,Gd4,Rh2][%cal Ga1b1]} Bf4 ({An attempt of getting some couterplay
fails to:} 18... h4 19. Rab1 $1 h3 20. g3 Qc6+ 21. f3 Bxg3 22. d5 Nxd5 23. cxd5
Rxd5 24. Rb6 Qc7 25. Rfb1 $18) 19. Bxf4 Qxf4 20. Rab1 $18 Na8 {It is funny,
but black's knight had no other square for retreat!} (20... Kc7 21. Qb3 $18) (
20... Nd7 21. Bf3 $18) (20... Qc7 21. Qb3 Na8 22. Bf3 Rd7 23. c5 $18) 21. Bf3 {
White's moves are very natural and strong.} Rd7 22. c5 ({There was nothing
wrong with} 22. Qb3 Qh4+ 23. Kg1 Qe7 24. c5 $18) 22... h4 {That looks like a
desperation, but black had no defensible idea anyway} 23. Qb3 ({Of course, the
position after} 23. c6 bxc6 (23... h3 24. cxd7+ Kd8 25. Rfe1 hxg2+ 26. Kxg2 $18
) 24. Bxc6 Ra7 {is also completely winning, but I wanted to win the Pb7.})
23... Kd8 24. c4 {[%cal Yb3f3] Protecting the Bf3 and advancing the central
pawns.} (24. Bxb7 Ke7 25. Qc4 h3 26. g3 $18) 24... Ke7 25. d5 e5 26. Qe3 {
Exchanging black's most active piece.} ({The endgame after} 26. Qe3 Qxe3 27.
d6+ Kf8 28. fxe3 $18 {[%csl Ra8,Rb7] is completely hopeless, so black resigns.}
) 1-0